Normal view MARC view
  • Futter, W. T.

Entry Personal Name

Number of records used in: 1

001 - CONTROL NUMBER

  • control field: 35141

003 - CONTROL NUMBER IDENTIFIER

  • control field: OSt

005 - DATE AND TIME OF LATEST TRANSACTION

  • control field: 20140209122648.0

008 - FIXED-LENGTH DATA ELEMENTS

  • fixed length control field: 140209|| aca||aabn | a|a d

040 ## - CATALOGING SOURCE

  • Original cataloging agency: OSt

100 1# - HEADING--PERSONAL NAME

  • Personal name: Futter, W. T.
  • Fuller form of name: (William Thomas),
  • Dates associated with a name: 1946-

400 1# - SEE FROM TRACING--PERSONAL NAME

  • Personal name: Futter, William Thomas,
  • Dates associated with a name: 1946-